000 00442nam a22001577a 4500
003 CEME
005 20210628202249.0
008 210301b xxu||||| |||| 00| 0 eng d
040 _c.
082 _a891.4391 ALA
100 _aAbid Ihsan
_959068
245 _aAllama iqbal kay ashaar, haroof -e-tahajee kay aitabar say muntakib kalam iqbal
260 _bISLAMIC PUBLICATIONS
650 _aURDU POETRY-ALLAMA IQBAL
_959069
942 _cBK
_2ddc
999 _c569124
_d569124